[Event "Titled Tuesday intern op 23rd Apr Late"]
[Site "Chess.com INT"]
[Date "2024.04.23"]
[Round "8"]
[White "Kalinin, Dmitry2"]
[Black "Nathan, Krishna"]
[Result "0-1"]
[WhiteElo "1997"]
[BlackElo "2028"]
[PlyCount "86"]
[EventDate "2024.04.23"]
[EventType "swiss (blitz)"]
[EventRounds "11"]
[EventCountry "USA"]
[SourceTitle "CB18_2024"]
[SourceDate "2024.05.01"]
[SourceVersion "1"]
[SourceVersionDate "2024.05.01"]
[SourceQuality "2"]

1. d4 d5 2. g3 Nf6 3. Bg2 g6 4. Nf3 Bg7 5. 0-0 0-0 6. b3 c5 7. Bb2 Ne4 8. Nfd2 Bf5 9. Nxe4 dxe4 10. e3 Nc6 11. c3 cxd4 12. exd4 Qd7 13. Nd2 e5 14. dxe5 e3 15. fxe3 Nxe5 16. Ne4 Nd3 17. Ba3 Rfe8 18. Nd6 Rxe3 19. Rf3 Re1+ 20. Qxe1 Nxe1 21. Rxe1 Be6 22. Rd3 Rb8 23. c4 h5 24. Red1 Qc7 25. Ne4 Qa5 26. Bd6 Rc8 27. a3 Bf5 28. h3 Re8 29. Re3 Bxe4 30. Rxe4 Rxe4 31. Bxe4 Qc3 32. Bxb7 Qxb3 33. Bd5 Qxd1+ 34. Kg2 Bd4 35. Bf4 Qg1+ 36. Kf3 Qf2+ 37. Ke4 Bc5 38. g4 Qd4+ 39. Kf3 hxg4+ 40. hxg4 Qd3+ 41. Kg2 Qe2+ 42. Kg3 Qf2+ 43. Kh3 Qxf4 0-1

[Event "Titled Tuesday intern op 23rd Apr Late"]
[Site "Chess.com INT"]
[Date "2024.04.23"]
[Round "5"]
[White "Nathan, Krishna"]
[Black "Wang, Alexander J"]
[Result "1-0"]
[WhiteElo "2028"]
[BlackElo "1911"]
[PlyCount "113"]
[EventDate "2024.04.23"]
[EventType "swiss (blitz)"]
[EventRounds "11"]
[EventCountry "USA"]
[SourceTitle "CB18_2024"]
[SourceDate "2024.05.01"]
[SourceVersion "1"]
[SourceVersionDate "2024.05.01"]
[SourceQuality "2"]

1. e4 c5 2. Nf3 d6 3. d4 cxd4 4. Nxd4 Nf6 5. Nc3 g6 6. Be3 Bg7 7. f3 0-0 8. Qd2 Nc6 9. 0-0-0 d5 10. Nxc6 bxc6 11. Bh6 Be6 12. Bxg7 Kxg7 13. e5 Nd7 14. h4 h5 15. f4 Bf5 16. Bd3 e6 17. Bxf5 exf5 18. g3 Nc5 19. Qd4 Ne6 20. Qa4 Qb6 21. Rhe1 Rab8 22. Qa3 Nc5 23. b3 Ne4 24. Nxe4 fxe4 25. Qe7 Qd8 26. Qc5 Qb6 27. Qd6 Rbc8 28. f5 Qd8 29. f6+ Kh7 30. Qc5 Qd7 31. Rxe4 Qf5 32. Re3 Rfe8 33. Qd4 c5 34. Qxd5 Rcd8 35. Qxd8 Rxd8 36. Rxd8 Qf1+ 37. Kb2 Qf2 38. Red3 c4 39. bxc4 Qb6+ 40. Kc1 Qg1+ 41. Kb2 Qb6+ 42. Ka1 Qg1+ 43. Rd1 Qxg3 44. R8d5 Qxh4 45. c5 Qc4 46. Kb1 Qb4+ 47. Ka1 Qc3+ 48. Kb1 h4 49. R1d3 Qe1+ 50. Kb2 Qb4+ 51. Rb3 Qc4 52. Rd7 h3 53. c6 Qg4 54. Rxf7+ Kg8 55. Re7 Qf5 56. Rb8+ Qc8 57. Rxc8# 1-0

[Event "Titled Tuesday intern op 16th Apr Early"]
[Site "Chess.com INT"]
[Date "2024.04.16"]
[Round "2"]
[White "Baches Garcia, Guillermo"]
[Black "Nathan, Krishna"]
[Result "1-0"]
[WhiteElo "2322"]
[BlackElo "2028"]
[PlyCount "169"]
[EventDate "2024.04.16"]
[EventType "swiss (blitz)"]
[EventRounds "11"]
[EventCountry "USA"]
[SourceTitle "CB17_2024"]
[SourceDate "2024.04.24"]
[SourceVersion "1"]
[SourceVersionDate "2024.04.24"]
[SourceQuality "1"]

1. d4 d5 2. Nf3 Nf6 3. Bg5 e6 4. Nbd2 c6 5. e3 Be7 6. Bd3 0-0 7. 0-0 h6 8. Bh4 Nbd7 9. Qe2 Nh5 10. Bxe7 Qxe7 11. Ne5 Nhf6 12. f4 c5 13. c3 Nxe5 14. fxe5 Nd7 15. Qh5 f5 16. exf6 Nxf6 17. Qg6 e5 18. Rae1 e4 19. Bc2 Be6 20. Rf4 Nd7 21. Ref1 Rxf4 22. Rxf4 Rf8 23. g3 Bf7 24. Qg4 Be6 25. Qe2 g5 26. Rxf8+ Nxf8 27. Qf2 Kg7 28. dxc5 Qxc5 29. Nb3 Qd6 30. Nd4 Ng6 31. Bd1 Bd7 32. Be2 Qf6 33. g4 Qxf2+ 34. Kxf2 Ne5 35. Kg3 Kf6 36. h3 a6 37. b3 Nc6 38. Nc2 Ke5 39. Kf2 Be8 40. Ke1 Bd7 41. Kd2 b5 42. b4 Be8 43. a3 Bd7 44. Na1 Be8 45. Nb3 Bd7 46. Nc5 Bc8 47. Ke1 Ne7 48. Kf2 Nc6 49. Nb3 Kd6 50. Kg3 Kc7 51. Bf1 Kb6 52. h4 a5 53. Nc1 axb4 54. axb4 Ne5 55. Nb3 Nc4 56. Bxc4 bxc4 57. Nd4 Bd7 58. Nf5 Bxf5 59. gxf5 gxh4+ 60. Kxh4 Kc6 61. f6 Kd6 62. b5 d4 63. exd4 Ke6 64. b6 Kxf6 65. b7 Kf5 66. b8Q e3 67. Qg3 Ke4 68. Qe1 Kd3 69. Kh5 e2 70. Kxh6 Ke3 71. d5 Kd3 72. d6 Ke3 73. d7 Kd3 74. Kg7 Kc2 75. Kf8 Kb3 76. Ke7 Kc2 77. Kd8 Kb3 78. Kc7 Kc2 79. Kd6 Kb3 80. Kd5 Kc2 81. Kxc4 Kb2 82. Kd3 Ka2 83. c4 Kb3 84. c5 Ka4 85. c6 1-0

[Event "Titled Tuesday intern op 16th Apr Late"]
[Site "Chess.com INT"]
[Date "2024.04.16"]
[Round "5"]
[White "Dovzik, Juri"]
[Black "Nathan, Krishna"]
[Result "0-1"]
[WhiteElo "2221"]
[BlackElo "2028"]
[PlyCount "36"]
[EventDate "2024.04.16"]
[EventType "swiss (blitz)"]
[EventRounds "11"]
[EventCountry "USA"]
[SourceTitle "CB17_2024"]
[SourceDate "2024.04.24"]
[SourceVersion "1"]
[SourceVersionDate "2024.04.24"]
[SourceQuality "1"]

1. b3 g6 2. Bb2 Nf6 3. e4 Bg7 4. e5 Nd5 5. c4 Nf4 6. g3 Ne6 7. d4 d5 8. c5 0-0 9. Ne2 f6 10. Bg2 fxe5 11. dxe5 c6 12. b4 a5 13. a3 Na6 14. Qd2 Qc7 15. f4 b6 16. 0-0 bxc5 17. bxc5 Naxc5 18. Qc2 Ba6 0-1

[Event "Titled Tuesday intern op 16th Apr Late"]
[Site "Chess.com INT"]
[Date "2024.04.16"]
[Round "4"]
[White "Nathan, Krishna"]
[Black "Bressy, Theo"]
[Result "0-1"]
[WhiteElo "2028"]
[BlackElo "2195"]
[PlyCount "102"]
[EventDate "2024.04.16"]
[EventType "swiss (blitz)"]
[EventRounds "11"]
[EventCountry "USA"]
[SourceTitle "CB17_2024"]
[SourceDate "2024.04.24"]
[SourceVersion "1"]
[SourceVersionDate "2024.04.24"]
[SourceQuality "1"]

1. e4 e6 2. d4 d5 3. Nd2 Nf6 4. e5 Nfd7 5. Bd3 c5 6. c3 Nc6 7. Ne2 cxd4 8. cxd4 f6 9. exf6 Nxf6 10. Nf3 Bd6 11. 0-0 Qc7 12. h3 0-0 13. Be3 Bd7 14. Re1 Be8 15. Rc1 Bh5 16. Nc3 a6 17. Be2 Rae8 18. Qc2 Bf4 19. Qd2 Nd7 20. g4 Bg6 21. h4 Bxe3 22. Qxe3 Qf4 23. g5 Bh5 24. Qxf4 Rxf4 25. Kg2 Bxf3+ 26. Bxf3 Nxd4 27. Bxd5 Rxh4 28. Rcd1 Kf8 29. Be4 e5 30. Bxb7 Nc5 31. Bd5 Rg4+ 32. Kh3 Rxg5 33. f4 Rh5+ 34. Kg4 g6 35. fxe5 Nf5 36. Kf3 Rh3+ 37. Kg2 Rg3+ 38. Kf2 Kg7 39. e6 Nd3+ 40. Rxd3 Rxd3 41. Bc4 Rd4 42. Bb3 Rd2+ 43. Re2 Rxe2+ 44. Kxe2 Nd4+ 45. Kd3 Nxb3 46. axb3 Rxe6 47. Kc4 h5 48. Kb4 h4 49. Nd5 h3 50. Nf4 Re4+ 51. Kc5 Rxf4 0-1

[Event "Titled Tuesday intern op 16th Apr Late"]
[Site "Chess.com INT"]
[Date "2024.04.16"]
[Round "8"]
[White "Nathan, Krishna"]
[Black "Camacho Campusano, David Daniel"]
[Result "1-0"]
[WhiteElo "2028"]
[BlackElo "2181"]
[PlyCount "69"]
[EventDate "2024.04.16"]
[EventType "swiss (blitz)"]
[EventRounds "11"]
[EventCountry "USA"]
[SourceTitle "CB17_2024"]
[SourceDate "2024.04.24"]
[SourceVersion "1"]
[SourceVersionDate "2024.04.24"]
[SourceQuality "1"]

1. e4 d5 2. exd5 Qxd5 3. Nc3 Qd6 4. d4 Nf6 5. Bc4 g6 6. Nf3 Bg7 7. 0-0 0-0 8. Bg5 a6 9. a4 Nbd7 10. Qd2 c5 11. d5 Ne5 12. Nxe5 Qxe5 13. Rfe1 Qf5 14. Rxe7 Ng4 15. h3 Nxf2 16. Qxf2 Qxg5 17. Qe2 Bxh3 18. d6 Rad8 19. Ne4 Bd4+ 20. Kh2 Be5+ 21. Rxe5 Qxe5+ 22. Kxh3 Kg7 23. Re1 h5 24. c3 h4 25. Qf2 Rde8 26. Re2 f5 27. Ng5 Qxd6 28. Ne6+ Rxe6 29. Rxe6 Qd7 30. Kh2 b5 31. axb5 axb5 32. Ba2 c4 33. Qe3 Qc7+ 34. Kg1 Rf7 35. Qd4+ 1-0

[Event "Titled Tuesday intern op 16th Apr Early"]
[Site "Chess.com INT"]
[Date "2024.04.16"]
[Round "11"]
[White "Nathan, Krishna"]
[Black "Orzech, Dominik"]
[Result "1-0"]
[WhiteElo "2028"]
[BlackElo "2248"]
[PlyCount "75"]
[EventDate "2024.04.16"]
[EventType "swiss (blitz)"]
[EventRounds "11"]
[EventCountry "USA"]
[SourceTitle "CB17_2024"]
[SourceDate "2024.04.24"]
[SourceVersion "1"]
[SourceVersionDate "2024.04.24"]
[SourceQuality "1"]

1. e4 c5 2. Nf3 Nc6 3. d4 cxd4 4. Nxd4 g6 5. Be3 Bg7 6. c4 Nf6 7. Nc3 Ng4 8. Qxg4 Nxd4 9. Qd1 Ne6 10. Be2 Bxc3+ 11. bxc3 Qa5 12. Qd2 d6 13. 0-0 Bd7 14. Bd4 f6 15. Be3 Bc6 16. f3 g5 17. Rab1 0-0-0 18. Rb2 h5 19. Rfb1 g4 20. fxg4 Bxe4 21. Bd3 Bxd3 22. Qxd3 Rd7 23. Qe4 Nc5 24. Qf5 hxg4 25. Rb5 Qxc3 26. Bxc5 dxc5 27. Rxb7 Qe3+ 28. Kh1 e6 29. Qxf6 Rhd8 30. Rxd7 Rxd7 31. Qf8+ Kc7 32. Qb8+ Kc6 33. Qb5+ Kd6 34. Rd1+ Qd4 35. Rxd4+ cxd4 36. c5+ Ke7 37. c6 Rc7 38. Qc5+ 1-0

[Event "Titled Tuesday intern op 16th Apr Late"]
[Site "Chess.com INT"]
[Date "2024.04.16"]
[Round "3"]
[White "Nunez Hirales, Juan Alejandro"]
[Black "Nathan, Krishna"]
[Result "0-1"]
[WhiteElo "1955"]
[BlackElo "2028"]
[PlyCount "82"]
[EventDate "2024.04.16"]
[EventType "swiss (blitz)"]
[EventRounds "11"]
[EventCountry "USA"]
[SourceTitle "CB17_2024"]
[SourceDate "2024.04.24"]
[SourceVersion "1"]
[SourceVersionDate "2024.04.24"]
[SourceQuality "1"]

1. d4 d5 2. Nc3 Nf6 3. Bf4 a6 4. e3 e6 5. Nf3 c5 6. Ne5 Nc6 7. Bg3 Bd6 8. f4 0-0 9. Bd3 c4 10. Be2 Ne7 11. 0-0 Nf5 12. Bf2 Bb4 13. Bf3 Nd6 14. Nb1 Nfe4 15. c3 Ba5 16. Nd2 f6 17. Bxe4 fxe5 18. Bc2 e4 19. b3 Bxc3 20. bxc4 Bxa1 21. Qxa1 Bd7 22. c5 Ne8 23. Bg3 Nf6 24. Bb3 a5 25. a3 a4 26. Ba2 Qa5 27. Qb2 Rab8 28. f5 Rbc8 29. fxe6 Bxe6 30. Be5 Ng4 31. Rxf8+ Rxf8 32. Bf4 Rf7 33. h3 Nf6 34. Be5 Nd7 35. Bg3 Nf8 36. Nxe4 dxe4 37. Bxe6 Nxe6 38. Qa2 Qa6 39. d5 Nxc5 40. d6 Qc6 41. Qe6 Nxe6 0-1

[Event "Titled Tuesday intern op 27th Feb Late"]
[Site "Chess.com INT"]
[Date "2024.02.27"]
[Round "7"]
[White "Fieberg, Samuel"]
[Black "Nathan, Krishna"]
[Result "1-0"]
[WhiteElo "2157"]
[BlackElo "2028"]
[PlyCount "59"]
[EventDate "2024.02.27"]
[EventType "swiss (blitz)"]
[EventRounds "11"]
[EventCountry "USA"]
[SourceTitle "CB10_2024"]
[SourceDate "2024.03.06"]
[SourceVersion "1"]
[SourceVersionDate "2024.03.06"]
[SourceQuality "1"]

1. Nf3 Nf6 2. g3 d5 3. Bg2 Bg4 4. 0-0 e6 5. h3 Bh5 6. c4 c6 7. d4 Be7 8. Nc3 0-0 9. Qb3 Qb6 10. g4 Bg6 11. Bf4 dxc4 12. Qxc4 Qxb2 13. Ne5 b5 14. Nxb5 cxb5 15. Qc7 Bd8 16. Qb7 Nd5 17. Bxd5 exd5 18. Qxa8 Qxd4 19. Nxg6 hxg6 20. Bxb8 Bc7 21. Qxa7 Bb6 22. Qb7 Re8 23. Rad1 Qc5 24. Rxd5 Qc4 25. Bg3 Rxe2 26. Rd7 Bc5 27. Qc8+ Kh7 28. Rd8 g5 29. Rh8+ Kg6 30. Qf5# 1-0

[Event "Titled Tuesday intern op 01st Aug Early"]
[Site "Chess.com INT"]
[Date "2023.08.01"]
[Round "3"]
[White "Nathan, Krishna"]
[Black "Belov, Alexei"]
[Result "0-1"]
[WhiteElo "2028"]
[BlackElo "2421"]
[PlyCount "66"]
[EventDate "2023.08.01"]
[EventType "swiss (blitz)"]
[EventRounds "11"]
[EventCountry "USA"]
[SourceTitle "EXT 2024"]
[Source "ChessBase"]
[SourceDate "2023.10.10"]
[SourceVersion "1"]
[SourceVersionDate "2023.10.10"]
[SourceQuality "1"]

1. d4 e6 2. e4 d5 3. Nd2 Nf6 4. e5 Nfd7 5. Bd3 c5 6. c3 Nc6 7. Ne2 f6 8. exf6 Nxf6 9. Nf3 Bd6 10. 0-0 Qc7 11. h3 0-0 12. Be3 b6 13. Rc1 e5 14. dxe5 Nxe5 15. Nxe5 Bxe5 16. Qd2 Bb7 17. Bf4 Rae8 18. Bxe5 Rxe5 19. Ng3 Rfe8 20. Rfe1 g6 21. Rxe5 Qxe5 22. Kf1 d4 23. cxd4 cxd4 24. Ne2 Kg7 25. Nxd4 Qxd4 26. Rc7+ Kh8 27. Rxb7 Rd8 28. Ke2 Nd5 29. Rxh7+ Kg8 30. g3 Qe5+ 31. Kf1 Kxh7 32. Qc2 Qf6 33. f3 Ne3+ 0-1

[Event "Titled Tuesday intern op 01st Aug Early"]
[Site "Chess.com INT"]
[Date "2023.08.01"]
[Round "5"]
[White "Nathan, Krishna"]
[Black "Velasco, Santiago"]
[Result "0-1"]
[WhiteElo "2028"]
[BlackElo "2315"]
[PlyCount "150"]
[EventDate "2023.08.01"]
[EventType "swiss (blitz)"]
[EventRounds "11"]
[EventCountry "USA"]
[SourceTitle "EXT 2024"]
[Source "ChessBase"]
[SourceDate "2023.10.10"]
[SourceVersion "1"]
[SourceVersionDate "2023.10.10"]
[SourceQuality "1"]

1. e4 e5 2. Nf3 Nc6 3. Bc4 Bc5 4. 0-0 Nf6 5. d3 d6 6. c3 a6 7. a4 Ba7 8. Be3 Bxe3 9. fxe3 0-0 10. Qe1 d5 11. exd5 Nxd5 12. e4 Nf4 13. Qe3 Bg4 14. g3 Nh3+ 15. Kg2 h6 16. Nbd2 Qd7 17. Bd5 Rae8 18. Nc4 Bxf3+ 19. Qxf3 Nd8 20. Qf5 Qxf5 21. Rxf5 Ng5 22. h4 c6 23. hxg5 cxd5 24. exd5 hxg5 25. Rxe5 f6 26. Re4 f5 27. Re5 f4 28. Rae1 Rxe5 29. Rxe5 f3+ 30. Kf2 g4 31. Rg5 Re8 32. Rxg4 b5 33. axb5 axb5 34. Ne3 Nf7 35. Re4 Ra8 36. Re7 Ra2 37. Kxf3 Rxb2 38. Re8+ Kh7 39. Re6 Rd2 40. d4 b4 41. cxb4 Rxd4 42. Re4 Ng5+ 43. Ke2 Nxe4 44. b5 Rb4 45. Kd3 Nd6 46. g4 Rxb5 47. Kd4 Rb4+ 48. Kc5 Rb3 49. Kxd6 Rxe3 50. Kc7 Kg6 51. d6 Kg5 52. d7 Rc3+ 53. Kb8 Rd3 54. Kc7 Kxg4 55. d8Q Rxd8 56. Kxd8 g5 57. Kd7 Kf3 58. Ke6 g4 59. Kf5 g3 60. Ke5 g2 61. Kd4 g1Q+ 62. Ke5 Qe3+ 63. Kd5 Qc3 64. Kd6 Ke4 65. Ke6 Kf4 66. Ke7 Kf5 67. Kd6 Qc4 68. Kd7 Qa6 69. Ke8 Ke5 70. Ke7 Kd5 71. Kf7 Ke5 72. Kg7 Qf6+ 73. Kh7 Qg5 74. Kh8 Ke6 75. Kh7 Kf7 0-1

[Event "Titled Tuesday intern op 25th Jul Late"]
[Site "Chess.com INT"]
[Date "2023.07.25"]
[Round "9"]
[White "Nathan, Krishna"]
[Black "Papayan, Oleg"]
[Result "1-0"]
[WhiteElo "2028"]
[BlackElo "2253"]
[PlyCount "39"]
[EventDate "2023.07.25"]
[EventType "swiss (blitz)"]
[EventRounds "11"]
[EventCountry "USA"]
[SourceTitle "EXT 2024"]
[Source "ChessBase"]
[SourceDate "2023.10.10"]
[SourceVersion "1"]
[SourceVersionDate "2023.10.10"]
[SourceQuality "1"]

1. e4 d5 2. exd5 Qxd5 3. Nc3 Qd8 4. Nf3 Bf5 5. d4 e6 6. Bc4 Be7 7. 0-0 Nf6 8. Bf4 0-0 9. Qe2 c6 10. Rad1 Nbd7 11. Ne5 Nb6 12. Bd3 Qxd4 13. Bg5 Qc5 14. Bxf5 exf5 15. Rfe1 Rfd8 16. Nd3 Rxd3 17. Rxd3 Kf8 18. Re3 Re8 19. Bxf6 gxf6 20. Qh5 1-0

[Event "Titled Tuesday intern op 25th Jul Late"]
[Site "Chess.com INT"]
[Date "2023.07.25"]
[Round "1"]
[White "Nathan, Krishna"]
[Black "Voege, Tobias"]
[Result "0-1"]
[WhiteElo "2028"]
[BlackElo "2257"]
[PlyCount "54"]
[EventDate "2023.07.25"]
[EventType "swiss (blitz)"]
[EventRounds "11"]
[EventCountry "USA"]
[SourceTitle "EXT 2024"]
[Source "ChessBase"]
[SourceDate "2023.10.10"]
[SourceVersion "1"]
[SourceVersionDate "2023.10.10"]
[SourceQuality "1"]

1. e4 e6 2. d4 d5 3. Nd2 Nf6 4. e5 Nfd7 5. Bd3 c5 6. c3 Nc6 7. Ne2 cxd4 8. cxd4 f6 9. exf6 Nxf6 10. Nf3 Bd6 11. 0-0 0-0 12. Bf4 Bxf4 13. Nxf4 Ng4 14. Qc1 Qf6 15. Nh5 Qh6 16. Qxh6 Nxh6 17. Rfe1 Rxf3 18. gxf3 Nxd4 19. Kg2 Bd7 20. Nf4 Rf8 21. Ne2 Nxf3 22. Red1 e5 23. Nc3 Nh4+ 24. Kf1 Ng4 25. Nxd5 Rxf2+ 26. Kg1 Nf3+ 27. Kh1 Rxh2# 0-1

[Event "Titled Tuesday intern op 18th Jul Late"]
[Site "Chess.com INT"]
[Date "2023.07.18"]
[Round "1"]
[White "Dobrikov, Marco"]
[Black "Nathan, Krishna"]
[Result "1/2-1/2"]
[WhiteElo "2269"]
[BlackElo "2028"]
[PlyCount "102"]
[EventDate "2023.07.18"]
[EventType "swiss (blitz)"]
[EventRounds "11"]
[EventCountry "USA"]
[SourceTitle "EXT 2024"]
[Source "ChessBase"]
[SourceDate "2023.10.10"]
[SourceVersion "1"]
[SourceVersionDate "2023.10.10"]
[SourceQuality "1"]

1. c4 e5 2. Nc3 Nf6 3. e3 c6 4. Nf3 e4 5. Nd4 d5 6. cxd5 cxd5 7. d3 Bc5 8. Be2 0-0 9. 0-0 Nbd7 10. Bd2 Ne5 11. dxe4 dxe4 12. Ncb5 a6 13. Rc1 Bb6 14. Na3 Bxd4 15. exd4 Qxd4 16. Qe1 Nd3 17. Bxd3 Qxd3 18. Nc4 Be6 19. Ne3 Rac8 20. Bc3 Nd5 21. Rd1 Qb5 22. Nxd5 Bxd5 23. Qe3 Bc6 24. Qg3 f6 25. Rd6 Qf5 26. Rfd1 Kh8 27. h3 Qg6 28. Qe3 Rfe8 29. a3 Qf7 30. h4 Qe7 31. h5 Rcd8 32. Rxd8 Rxd8 33. Rxd8+ Qxd8 34. h6 Qd1+ 35. Be1 gxh6 36. Kh2 Qh5+ 37. Kg1 Qd1 38. Qc3 Kg7 39. Kh2 Qh5+ 40. Kg1 Qd1 41. b3 Qd5 42. Qg3+ Kf7 43. Qe3 f5 44. Qxh6 Kg8 45. Bc3 Qd7 46. Qf6 Qd1+ 47. Kh2 Qh5+ 48. Kg3 Qg4+ 49. Kh2 Qh5+ 50. Kg1 Qd1+ 51. Kh2 Qh5+ 1/2-1/2

[Event "Titled Tuesday intern op 18th Jul Late"]
[Site "Chess.com INT"]
[Date "2023.07.18"]
[Round "9"]
[White "Sarkar, Justin"]
[Black "Nathan, Krishna"]
[Result "0-1"]
[WhiteElo "2307"]
[BlackElo "2028"]
[PlyCount "68"]
[EventDate "2023.07.18"]
[EventType "swiss (blitz)"]
[EventRounds "11"]
[EventCountry "USA"]
[SourceTitle "EXT 2024"]
[Source "ChessBase"]
[SourceDate "2023.10.10"]
[SourceVersion "1"]
[SourceVersionDate "2023.10.10"]
[SourceQuality "1"]

1. e4 e6 2. d4 d5 3. Nc3 Bb4 4. Nge2 dxe4 5. a3 Bxc3+ 6. Nxc3 Nf6 7. Bg5 h6 8. Bh4 g5 9. Bg3 Nc6 10. h4 Rg8 11. hxg5 hxg5 12. Bb5 Bd7 13. d5 Ne7 14. dxe6 fxe6 15. Bc4 Nf5 16. Be5 Qe7 17. Nb5 Bxb5 18. Bxb5+ c6 19. Bc4 Nd5 20. Qh5+ Kd7 21. 0-0-0 Rad8 22. Qe2 Nd6 23. Bb3 Kc8 24. c4 Nf4 25. Qg4 Nf7 26. Bxf4 gxf4 27. Qxf4 Nd6 28. c5 Nf5 29. Kb1 Rge8 30. Qxe4 Kb8 31. Rc1 Qd7 32. Qe5+ Qc7 33. Rhe1 Qxe5 34. Rxe5 Nd4 0-1

[Event "Titled Tuesday intern op 11th Jul Late"]
[Site "Chess.com INT"]
[Date "2023.07.11"]
[Round "2"]
[White "Leenhouts, Koen"]
[Black "Nathan, Krishna"]
[Result "1-0"]
[WhiteElo "2446"]
[BlackElo "2028"]
[PlyCount "73"]
[EventDate "2023.07.11"]
[EventType "swiss (blitz)"]
[EventRounds "11"]
[EventCountry "USA"]
[SourceTitle "EXT 2024"]
[Source "ChessBase"]
[SourceDate "2023.10.10"]
[SourceVersion "1"]
[SourceVersionDate "2023.10.10"]
[SourceQuality "1"]

1. d4 d5 2. c4 e6 3. Nf3 Nf6 4. g3 Be7 5. Bg2 0-0 6. 0-0 dxc4 7. Qa4 a6 8. Qxc4 b5 9. Qc2 Bb7 10. Bd2 Nbd7 11. Ba5 Rc8 12. Nbd2 Qe8 13. b4 Nb8 14. Ne5 Bxg2 15. Kxg2 Bd6 16. Ndf3 Nd5 17. a3 f6 18. Nd3 Nc6 19. e4 Nb6 20. Bxb6 cxb6 21. Qe2 Qd7 22. Rad1 Rfd8 23. e5 Be7 24. Nf4 Re8 25. d5 exd5 26. e6 Qb7 27. Rxd5 Rcd8 28. Rfd1 g6 29. Rd7 Qa8 30. Qe4 Rxd7 31. exd7 Rd8 32. Qe6+ Kg7 33. Qd5 Kh8 34. Rc1 Ne5 35. Qxa8 Rxa8 36. Rc8+ Kg7 37. Rxa8 1-0

[Event "Titled Tuesday intern op 11th Jul Late"]
[Site "Chess.com INT"]
[Date "2023.07.11"]
[Round "11"]
[White "Nathan, Krishna"]
[Black "Ricaurte Lopez, Juan Carlos"]
[Result "1-0"]
[WhiteElo "2028"]
[BlackElo "2226"]
[PlyCount "83"]
[EventDate "2023.07.11"]
[EventType "swiss (blitz)"]
[EventRounds "11"]
[EventCountry "USA"]
[SourceTitle "EXT 2024"]
[Source "ChessBase"]
[SourceDate "2023.10.10"]
[SourceVersion "1"]
[SourceVersionDate "2023.10.10"]
[SourceQuality "1"]

1. d4 Nf6 2. Bf4 e6 3. e3 b6 4. c4 Bb7 5. Nc3 Bb4 6. f3 0-0 7. Bd3 c5 8. a3 Ba5 9. Nge2 d5 10. 0-0 dxc4 11. Bxc4 cxd4 12. exd4 Bxc3 13. Nxc3 Nc6 14. d5 Na5 15. Ba2 exd5 16. Be5 Nc4 17. Bxc4 dxc4 18. Qc2 Nd5 19. Rfe1 f6 20. Bd4 Nf4 21. Be3 Nd3 22. Re2 Re8 23. Rd1 a6 24. b3 b5 25. bxc4 bxc4 26. Na4 Rc8 27. Bb6 Qd5 28. Nc3 Qc6 29. Bd4 Nf4 30. Rxe8+ Rxe8 31. Ne4 h6 32. Bc5 Qb5 33. Be3 Bxe4 34. fxe4 Nd3 35. Qc3 Rxe4 36. Bd4 Qd5 37. Bf2 Re2 38. Rf1 Nf4 39. Qf3 Qxf3 40. gxf3 c3 41. Rc1 Rxf2 42. Rxc3 1-0

[Event "Titled Tuesday intern op 04th Jul Late"]
[Site "Chess.com INT"]
[Date "2023.07.04"]
[Round "9"]
[White "Liu, Casper Yukun"]
[Black "Nathan, Krishna"]
[Result "0-1"]
[WhiteElo "2278"]
[BlackElo "2028"]
[PlyCount "74"]
[EventDate "2023.07.04"]
[EventType "swiss (blitz)"]
[EventRounds "11"]
[EventCountry "USA"]
[SourceTitle "EXT 2024"]
[Source "ChessBase"]
[SourceDate "2023.10.10"]
[SourceVersion "1"]
[SourceVersionDate "2023.10.10"]
[SourceQuality "1"]

1. e4 c6 2. e5 d5 3. d4 c5 4. Bb5+ Nc6 5. c3 Bf5 6. Nd2 e6 7. Ngf3 h6 8. Nf1 Nge7 9. Ng3 Bg6 10. 0-0 Nf5 11. Nxf5 Bxf5 12. Bd3 Bxd3 13. Qxd3 Be7 14. a4 0-0 15. a5 cxd4 16. cxd4 Nxa5 17. Qb5 b6 18. Bd2 Nc4 19. Bb4 Bxb4 20. Qxb4 Qd7 21. b3 Na5 22. h4 Rac8 23. g4 Rc7 24. h5 Rfc8 25. g5 Rc3 26. Kg2 hxg5 27. Nxg5 Qd8 28. f4 Rc2+ 29. Kg3 Nc6 30. Qa4 Ne7 31. Kg4 Nf5 32. Rf3 Rg2+ 33. Kh3 Rcc2 34. Rh1 Rxg5 35. fxg5 Qxg5 36. Qe8+ Kh7 37. Qxf7 Qh4# 0-1

[Event "Titled Tuesday intern op 04th Jul Late"]
[Site "Chess.com INT"]
[Date "2023.07.04"]
[Round "7"]
[White "Nathan, Krishna"]
[Black "Hamitevici, Vladimir"]
[Result "0-1"]
[WhiteElo "2028"]
[BlackElo "2494"]
[PlyCount "166"]
[EventDate "2023.07.04"]
[EventType "swiss (blitz)"]
[EventRounds "11"]
[EventCountry "USA"]
[SourceTitle "EXT 2024"]
[Source "ChessBase"]
[SourceDate "2023.10.10"]
[SourceVersion "1"]
[SourceVersionDate "2023.10.10"]
[SourceQuality "1"]

1. e4 c6 2. d4 Na6 3. Bxa6 Qa5+ 4. Nc3 Qxa6 5. Nf3 g6 6. Be3 Bg7 7. Qd2 d6 8. 0-0-0 b5 9. Kb1 Nf6 10. a3 Qb7 11. e5 dxe5 12. Nxe5 0-0 13. Bh6 Be6 14. Bxg7 Kxg7 15. h4 h5 16. Nd3 Bf5 17. Nc5 Qc7 18. f3 a5 19. N3e4 Nxe4 20. fxe4 Bg4 21. Rde1 e5 22. Qc3 Rfe8 23. Rhf1 exd4 24. Qxd4+ Qe5 25. Qxe5+ Rxe5 26. Nd3 Re7 27. e5 Rae8 28. Rf2 Bf5 29. Rfe2 Bxd3 30. cxd3 Rd8 31. Kc2 Rd4 32. Re4 Rd5 33. R1e3 Kf8 34. e6 f6 35. Rf3 Kg7 36. Rfe3 a4 37. Kc3 f5 38. Rd4 Rc5+ 39. Kb4 Rc1 40. Rd7 Kf6 41. Rxe7 Kxe7 42. d4 Rc2 43. Rc3 Rxb2+ 44. Kc5 Kxe6 45. Kxc6 Rb3 46. d5+ Ke5 47. Rc5 Rxa3 48. d6+ Ke6 49. d7 Rd3 50. Rxb5 Rd6+ 51. Kc5 Rd5+ 52. Kb4 Rd4+ 53. Ka3 Kxd7 54. Rb7+ Ke6 55. Rb6+ Rd6 56. Rb4 Ra6 57. Rc4 Ke5 58. Rb4 f4 59. Rb5+ Ke4 60. Rg5 f3 61. gxf3+ Kxf3 62. Rg1 Kf4 63. Rg5 Re6 64. Rg2 Ra6 65. Rg5 Ke3 66. Rg3+ Ke4 67. Rg5 Kf4 68. Rg2 Kf5 69. Rg5+ Kf6 70. Rg1 Re6 71. Kxa4 Re4+ 72. Kb3 Rxh4 73. Kc3 Rg4 74. Rf1+ Kg5 75. Kd3 Rf4 76. Rg1+ Kf5 77. Ke3 g5 78. Rb1 h4 79. Rb5+ Kg4 80. Rb2 h3 81. Rb1 h2 82. Rh1 Kg3 83. Ke2 Kg2 0-1